[Event "Ashkhabad-A"]
[Site "Ashkhabad"]
[Date "1996.??.??"]
[Round "5"]
[White "Annageldyev, Orazly"]
[Black "Kakageldyev, Amanmurad"]
[Result "1/2-1/2"]
[WhiteElo "2485"]
[BlackElo "2475"]
[Annotator "Stohl,I"]
[PlyCount "86"]
[EventDate "1996.??.??"]
[EventType "tourn"]
[EventRounds "13"]
[EventCountry "TKM"]
[EventCategory "9"]
[SourceTitle "CBM 053"]
[Source "ChessBase"]
[SourceDate "1996.08.01"]
[SourceVersion "1"]
[SourceVersionDate "1996.08.01"]
[SourceQuality "1"]

1. Nf3 Nf6 2. d4 c5 3. d5 d6 4. Nc3 (4. c4 g6 5. Nc3 Bg7 6. e4 {-E92}) 4... g6
5. e4 Bg7 6. Be2 O-O 7. O-O Na6 8. Bf4 (8. h3 Nc7 9. a4 b6 10. Bf4 Bb7 11. Re1
Qd7 12. Bc4 Rad8 13. Qd3 a6 14. Rad1 Qc8 15. Qe3 Rfe8 16. Bh6 e6 17. Bxg7 Kxg7
18. dxe6 Nxe6 19. b3 $5 (19. Nd5 Bxd5 20. Bxd5 Nd4 21. Nxd4 Nxd5 22. Qg5 cxd4
23. Qxd5 Qxc2 24. Qxd4+ Kg8 25. Qxb6 Qxa4 {1/2/Piket,J-Gheorghiu/Ostend/1987/})
19... Qa8 20. Bxe6 Rxe6 21. Qf4 h6 22. Nd2 Rde8 23. Nc4 Nxe4 24. Nxe4 Rxe4 25.
Rxe4 Rxe4 26. Qxd6 Re6 27. Qg3 b5 28. axb5 axb5 29. Nd6 $36 {Naumkin,I-Borgo,G/
Ticino op/19941}) 8... Nc7 9. a4 Bg4 $5 (9... b6 10. Re1 (10. h3 {-8.h3} Bb7
11. Bc4 a6 12. Re1 Qd7 13. Qd3 Rad8 14. Rad1 Qc8 15. Qe3 Rfe8 16. Bh6 e6 17.
dxe6 Nxe6 18. Bxg7 Kxg7 19. Bd5 Bxd5 20. Nxd5 Nxd5 21. Rxd5 Nc7 22. Qc3+ f6 23.
Rdd1 Qb7 24. Rd3 b5 25. axb5 axb5 26. b4 Ne6 $132 {Van der Sterren,P-Gheorghiu,
F/San Bernardino op/1991/}) 10... Bg4 (10... Bb7 11. Bc4 Nh5 12. Bg5 Nf6 13.
Qd3 a6 14. Rad1 Rb8 15. h3 Nd7 16. Qe3 Ba8 17. Bh6 b5 18. Bxg7 Kxg7 19. Bf1 Nf6
20. axb5 axb5 21. Ne2 Bb7 22. Ng3 Ra8 23. c3 Ra4 24. Bd3 Qa8 25. e5 $1 $16 {
Karpov,An-Kortschnoj,V (32)/Baguio City-Wch/1978/}) 11. h3 Bxf3 12. Bxf3 Nd7
13. Qd2 Re8 14. Rad1 a6 15. Bh6 Bh8 16. Be2 Rb8 17. Bf1 b5 18. axb5 axb5 19. b3
b4 20. Nb1 Nb5 21. Bxb5 Rxb5 22. Qe2 Ra5 23. Nd2 Ra2 24. Nc4 Nb6 $15 {[%cal
Ga8a1,Gh8a1] <->a,/^a1-h8,Vasiukov,E-Belov,I/Voskresensk/1990/}) 10. Re1 (10.
h3 Bxf3 11. Bxf3 Nd7 12. Qd2 (12. Re1 a6 13. Be2 b6 14. Qd2 Re8 15. Bf1 Rb8 16.
Rab1 Qc8 17. b4 Ne5 18. bxc5 bxc5 19. Rxb8 Qxb8 20. Rb1 Qa7 21. Nd1 Rb8 22. Rb3
Rxb3 23. cxb3 Qb6 24. Qc2 h5 25. Nb2 Qb7 26. Nc4 $14 {Kuzmin,G-Belov,L/
Moscow-ch/1984/}) 12... a6 (12... Re8 13. Be2 Rb8 14. Ra2 a6 15. a5 b5 16. axb6
Rxb6 17. Nd1 $5 (17. Re1 Rb4 18. Bf1 Qb8 19. Nd1 Nf6 20. Bd3 Rb6 21. c3 e6 22.
dxe6 Rxe6 23. Ne3 Nxe4 24. Bxe4 Rxe4 25. Bxd6 Rc6 26. Bg3 Qe8 27. Rd1 Nb5 $132
{Petrosian,A-Davies,N/Polanica Zdroj/1989/ (28)}) 17... Nf6 18. Bf3 e6 19. c3
exd5 20. exd5 Ne4 21. Bxe4 Rxe4 22. f3 $14 {Karasev,V-Brodskij,M/St.Petersburg
op/1993/}) 13. Be2 Rb8 14. Bh6 b5 15. Bxg7 Kxg7 16. Nd1 Nf6 17. Bf3 e6 18. axb5
axb5 19. Ne3 exd5 20. exd5 Re8 21. Ra7 Re5 22. b4 c4 23. Qd4 Ra8 24. Rfa1 Rxa7
25. Rxa7 Qb8 26. g3 h5 $10 {Karpov,An-Browne,W/Madrid/1973/}) (10. Qd2 a6 11.
Rfe1 Nd7 12. a5 Bxf3 13. Bxf3 Nb5 14. Na4 e5 15. dxe6 fxe6 16. c3 Qf6 17. Be3
Qf7 18. Be2 Rad8 19. Rad1 h5 20. b4 cxb4 21. cxb4 Ne5 22. h3 $14 {1/2/Olafsson,
H-Speelman,J/Hastings/1990/}) 10... a6 11. a5 Nb5 $1 $132 {[%cal Rb5c3] /\Nc3,
Ne4} 12. h3 (12. Nxb5 axb5 13. Bxb5 Rxa5 $15) (12. Nd2 Nxc3 13. bxc3 Bxe2 14.
Qxe2 Nd7 15. Ra3 b5 16. axb6 Qxb6 $132) 12... Bxf3 (12... Nxc3 13. bxc3 Nxe4 $6
14. hxg4 Nxc3 15. Qd3 Nxe2+ 16. Qxe2 Bxa1 17. Rxa1 $16 {[%csl Re7,Rg8][%cal
Ge1e8] <->e,עg8,e7}) 13. Bxf3 Nxc3 14. bxc3 {White's B-pair doesn't play an
important role in this position, as Black's minor pieces are well placed and
sufficiently active.} Nd7 15. Ra3 Qc7 $10 16. Bg5 Rfb8 $1 17. Be2 (17. Bxe7 $2
f6 {[%csl Re7][%cal Rd7e5] /\Ne5,ץe7}) 17... b5 18. axb6 Rxb6 19. Kh1 Qb7 20.
f4 (20. Qa1 $5 Bf6 21. Bh6 Bg7 $10) 20... Bf6 21. Bh6 Rb8 22. Kh2 (22. Qa1 Rb1
23. Rxb1 Qxb1+ 24. Qxb1 Rxb1+ 25. Kh2 Rc1 26. Ra2 $1 $10) 22... Bg7 23. Bxg7
Kxg7 24. Bg4 Nf6 25. Bf3 Rb1 $1 $10 26. Qxb1 Qxb1 27. Rxb1 Rxb1 {Black holds
the balance in this endgame by attacking White's vulnerable pawns.} 28. Rxa6
Re1 29. Ra7 (29. e5 dxe5 30. fxe5 Rxe5 31. Rc6 Ne4 $10) 29... Kf8 $8 (29...
Nxe4 $2 30. Rxe7 $18) 30. e5 dxe5 31. fxe5 Rxe5 32. Rc7 Ne4 $8 (32... Nxd5 $2
33. Rxc5 e6 34. c4 $18) 33. Bxe4 Rxe4 {In the R-endgame White's slightly
better pawn structure is clerly insufficient for more than a draw.} 34. Rc8+
Kg7 35. Rxc5 Re2 36. Rc7 Rxc2 37. c4 (37. Rxe7 Rxc3 $10) 37... Kf6 38. Kg3 Rd2
{[%cal Ye7e6] /\e6} (38... e6 $2 39. d6 $18 {[%csl Gc4,Gd6] o^c,d}) 39. Kf3 e6
40. Ke3 Rd1 41. Rc6 Ke5 42. dxe6 fxe6 43. Rc7 Rc1 (43... Rc1 44. Kd2 Rg1 $10)
1/2-1/2

[Event "Capablanca Memorial Elite 33rd"]
[Site "Havana"]
[Date "1998.05.13"]
[Round "5"]
[White "Huebner, Robert"]
[Black "Miles, Anthony John"]
[Result "1-0"]
[WhiteElo "2560"]
[BlackElo "2595"]
[Annotator "Stohl,I"]
[PlyCount "43"]
[EventDate "1998.05.07"]
[EventType "tourn"]
[EventRounds "11"]
[EventCountry "CUB"]
[EventCategory "12"]
[SourceTitle "CBM 065"]
[Source "ChessBase"]
[SourceDate "1998.08.06"]
[SourceVersion "1"]
[SourceVersionDate "1998.08.06"]
[SourceQuality "1"]

1. d4 {King} Nf6 2. Nf3 c5 3. d5 b5 4. Bg5 Bb7 5. Bxf6 exf6 (5... gxf6 6. e4 a6
(6... Qb6 7. a4 f5 8. Nbd2 Bg7 9. Bxb5 fxe4 10. Nxe4 a6 11. Bc4 f5 12. Ng3 Bxb2
13. Rb1 f4 14. Ne4 Qg6 15. Qd3 $18 {Kromhout,E-Meyer,G/Bruma Lake RSA-ch/1998/}
) 7. a4 Qb6 8. axb5 axb5 9. Rxa8 Bxa8 10. Na3 b4 11. Nc4 Qc7 12. Bd3 Bb7 13.
O-O e6 14. Qe2 Kd8 15. Re1 d6 16. Nh4 h5 17. dxe6 fxe6 18. Ng6 Rg8 19. Nxf8
Rxf8 20. Qxh5 $16 {Halldorsson,J-Gunnarsson,A/Reykjavik GP op/1998/}) 6. c4 $5
{An uncommon, but interesting move, Huebner probably wants to avoid some new
idea by the ever original Miles. The idea is to strengthen White's center and
bury Black's Bb7.} ({The most played move (and also a strong one) is} 6. e4 c4
(6... a6 7. a4 (7. Be2 Bd6 8. a4 Qb6 9. axb5 axb5 10. Rxa8 Bxa8 11. Nc3 b4 12.
Nb5 O-O 13. O-O Bb7 14. Nxd6 Qxd6 15. Bc4 Re8 16. Qd3 Na6 17. Nd2 Nc7 18. f4
Qb6 19. Kh1 d6 20. h3 Bc8 21. Nf3 h6 22. Re1 Ba6 23. Nd2 Bb7 24. Nf3 $14 {
Browne,W-Kortschnoj,V/Wijk/1980/}) 7... b4 8. Nbd2 d6 9. Bd3 (9. c3 Nd7 10. a5
Be7 11. Bd3 O-O 12. O-O Re8 13. Re1 Bf8 14. cxb4 cxb4 15. Nd4 Nc5 16. Nc4 f5
17. Nxf5 Qf6 18. Qd2 g6 19. Nfe3 Nb3 20. Qxb4 Nxa1 21. Qxb7 Reb8 22. Qc7 Nb3
23. Nb6 Nc5 $13 {Vera,R-Komljenovic,D/Andorra/1996/}) 9... g6 10. O-O Bg7 11.
Nc4 O-O 12. a5 Qc7 13. Nfd2 Nd7 14. g4 Rae8 15. Qf3 Kh8 16. Qh3 Rg8 17. Kh1 Ne5
18. f4 Nxd3 19. cxd3 f5 20. gxf5 Bc8 21. Nf3 Bf6 22. Rg1 Qd8 23. Rae1 gxf5 24.
e5 dxe5 25. fxe5 Rxg1+ 26. Rxg1 $18 {Izeta Txabarri,F-Bellon Lopez,J/ESP-chT/
1996/}) 7. Be2 Bc5 8. O-O a6 (8... O-O 9. b3 cxb3 10. axb3 a6 11. c3 Re8 12. b4
Bb6 13. Qd3 d6 14. Nbd2 Nd7 15. c4 a5 $6 16. bxa5 Nc5 17. Qb1 Rxa5 18. Rxa5
Bxa5 19. cxb5 Bxd5 20. exd5 Rxe2 21. Nc4 Bc3 22. Rc1 Be5 23. Kf1 $1 $18 {
Spiess,G-Becker,M/BL2-O/1996/}) 9. a4 Qb6 (9... O-O 10. axb5 axb5 11. Rxa8 Bxa8
12. Nc3 Qb6 13. b3 cxb3 14. cxb3 f5 15. exf5 b4 16. Na4 Qa5 17. Nxc5 Qxc5 18.
Bc4 d6 19. f6 Nd7 20. fxg7 Re8 21. Ng5 Nf6 22. Qa1 Ng4 23. Qb1 Nf6 24. Qa1 Ng4
25. Qa4 Nf6 26. Nh3 $16 {Browne,W-Quinteros,M/Konex/1979/}) 10. c3 O-O 11. Nd4
Re8 12. Bf3 d6 13. axb5 axb5 14. Rxa8 Bxa8 15. b4 cxb3 16. Qxb3 Bxd4 17. cxd4
Na6 18. Na3 Rb8 19. Rd1 g6 20. Nc2 Bb7 21. Be2 Bc8 22. h3 Bd7 23. Ra1 Ra8 24.
Qb2 Nc7 25. Rxa8+ Nxa8 26. Qa1 Nc7 27. Nb4 h5 28. Bd3 Kf8 29. Kf1 Bc8 30. Ke2
$16 {[%csl Rb5,Gd4,Gd5,Ge4] ><b5,[+],Khalifman,A-Fominyh,A/RUS-ch/1995/}) (6.
a4 a6 7. e3 $6 Qb6 8. Be2 Be7 9. O-O O-O 10. Nc3 b4 11. Ne4 d6 12. a5 Qc7 13.
Qd3 Nd7 14. Ned2 g6 15. e4 f5 16. exf5 Nf6 17. fxg6 hxg6 18. Ng5 Bxd5 19. f4
Qa7 20. Kh1 Qb7 21. Qg3 Kg7 22. f5 Rh8 23. fxg6 fxg6 24. Bf3 Nh5 $132 {1/2,Van
de Mortel,J-Miles,A/Wijk-B/1996/}) 6... a6 $146 ({Dubious is the Volga-like
sacrifice} 6... f5 $6 7. cxb5 g6 8. Nc3 Bg7 9. e3 O-O 10. Be2 d6 11. O-O a6 12.
a4 axb5 13. Bxb5 Na6 14. Bc4 Qa5 15. Nb5 Rfd8 16. Rb1 Nc7 17. Nxc7 Qxc7 18. b3
Ba6 19. Bxa6 Rxa6 20. Nd2 Rb8 21. Nc4 Rb4 22. Qd3 $16 {Wirthensohn,H-Borgo,G/
Mitropa Cup/1993/  King:Also not particularly jolly for Black.}) (6... b4 $142
7. e4 $36 {[%csl Rb7] (),[+],ץb7} (7. e4 {King} d6 (7... g6 8. Nbd2 Bg7 9. Bd3
f5 10. Qc2 (10. exf5 Bxb2) 10... fxe4 (10... O-O 11. exf5 Qf6 (11... Re8+ 12.
Kf1 d6 13. fxg6 hxg6 14. h4 $16) 12. Ne4 Qxb2 13. Qxb2 Bxb2 14. Rb1 gxf5 15.
Nd6 Bc3+ 16. Kd1 Bc8 17. Nh4 $18) 11. Nxe4 O-O 12. O-O d6 {isn't too bad for
Black, though} 13. h4 $14) 8. Nbd2 Be7 9. Bd3 O-O 10. O-O Nd7 11. a3 $14 {
In view of what now occurs these variations seem fairly mild by comparison.}))
(6... bxc4 7. e4 $5 (7. e3 $14) 7... Qe7 8. Nc3 f5 9. e5 $1 $40 {/\} (9. Bxc4
fxe4 10. O-O f5 $13) 9... d6 10. Nb5) 7. e4 Qb6 (7... Qe7 8. Qc2 $1 $36) 8.
Nbd2 d6 $2 {After this serious strategical mistake White breaks through with a
"Blitzkrieg"attack. It will be successful due to his lead in development.} (
8... b4 $8 9. Bd3 $16) 9. cxb5 $1 $32 axb5 10. a4 $40 {King: The standard way
to break up the pawns on the queenside.} b4 (10... bxa4 11. Rxa4 Nd7 (11...
Qxb2 $2 12. Rxa8 Bxa8 13. Qa4+ $18) 12. Rxa8+ Bxa8 13. Qa4 $40 {[%cal Rf1b5,
Rd2c4] /\Bb5,Nc4+-}) 11. Bb5+ Nd7 (11... Kd8 12. Nc4 Qc7 13. O-O $18 (13. a5 $5
)) 12. Nc4 Qc7 13. a5 Ra7 (13... Kd8 $142 14. O-O $40 (14. Bxd7 Qxd7 15. Nb6
Qe7 16. Nxa8 Qxe4+ $14)) 14. Nb6 Bc8 15. Nd4 $1 Rb7 (15... cxd4 16. Rc1 $18)
16. Nxc8 Qxc8 (16... cxd4 17. Nb6 $18) 17. a6 Ra7 18. Nc6 Ra8 19. a7 $18 {
[%csl Ga7][%cal Rd1a4,Ra4a6] /\Qa4-a6,o^a7 Black has no way to finish his
development in time.} Nb6 20. Nxb4+ Kd8 21. Nc6+ Kc7 22. O-O {[%cal Yb2b4,
Ya1a6,Ya6b6] /\b4,Ra6-b6,Qa4} (22. Ra6 $5 $18) 1-0

[Event "Sigeman & Co 03rd"]
[Site "Malmo"]
[Date "1995.??.??"]
[Round "4"]
[White "Sokolov, Ivan"]
[Black "Andersson, Ulf"]
[Result "0-1"]
[WhiteElo "2645"]
[BlackElo "2630"]
[Annotator "Stohl,I"]
[PlyCount "88"]
[EventDate "1995.05.??"]
[EventType "tourn"]
[EventRounds "9"]
[EventCountry "SWE"]
[EventCategory "12"]
[SourceTitle "CBM 048"]
[Source "ChessBase"]
[SourceDate "1995.10.01"]
[SourceVersion "1"]
[SourceVersionDate "1995.10.01"]
[SourceQuality "1"]

1. d4 e6 2. e4 c5 $5 3. d5 exd5 (3... d6 4. Bb5+ Bd7 5. a4 Na6 6. Nf3 Nc7 7.
Bxd7+ Qxd7 8. O-O Ne7 9. Nc3 e5 10. Nxe5 dxe5 11. d6 Ne6 12. dxe7 Bxe7 13. Qh5
Bd6 14. Rd1 Nd4 15. Be3 O-O 16. Nd5 $16 {Nestorovic,D-Chelushkina,I/Belgrade
Minex/1995/}) 4. exd5 d6 5. Nf3 (5. Nc3 Nf6 6. Be2 (6. Bd3 Be7 7. h3 O-O 8. Qf3
Na6 9. a3 Nc7 10. Bf4 b5 11. Bxb5 Nxb5 12. Nxb5 Rb8 13. a4 a6 14. Na3 Rxb2 15.
Ne2 Bb7 16. Nc3 Qa8 17. Rd1 Rb4 18. O-O Nxd5 19. Nxd5 Bxd5 20. Rxd5 Rxf4 $15 {
Chevallier,D-Gorbatow,A/Paris op/1995/}) 6... Be7 7. Nf3 O-O 8. O-O Na6 9. h3
Nc7 10. Re1 b6 11. a4 Bb7 12. Bc4 a6 13. Bf4 b5 14. axb5 axb5 15. Rxa8 Bxa8 16.
Nxb5 Nxb5 17. Bxb5 Nxd5 18. Bg3 Nc7 19. Ba4 Ne6 20. Bb3 d5 $10 {Ibragimov,
I-Prosviriakov,V/Moscow op/1995/}) 5... Nf6 6. Bb5+ Bd7 (6... Nbd7 7. O-O Be7
8. Re1 O-O 9. h3 a6 10. Bf1 b5 11. a4 Rb8 12. c4 bxc4 13. Nc3 Re8 14. Bxc4 Nb6
15. Ba2 Bb7 16. a5 Na8 17. Bc4 Nc7 18. Qd3 Qd7 19. Bg5 $13 {Klebel,M-Schlosser,
P/FRG-ch/1989/}) 7. a4 Be7 8. O-O O-O 9. Re1 a6 (9... Na6 $142 $5) 10. Bf1 Re8
11. Nc3 Bf8 (11... Bg4 $5 12. h3 Bh5 (12... Bxf3 13. Qxf3 Nbd7 14. a5 $14 {
[%csl Gc1,Gf1] ^^,()}) 13. g4 Bg6 14. Nd2 $1 {[%cal Rf2f4] /\f4,()} (14. Nh4
Nfd7 15. Nxg6 hxg6 $13)) 12. Rxe8 $1 Nxe8 13. Nd2 Bf5 14. Nc4 $36 Nd7 15. Bf4
Qc7 (15... Ndf6 16. a5 $14) 16. h3 Bg6 17. a5 Nef6 18. Na4 {[%csl Rb6] ><b6}
Re8 19. f3 {[%cal Yg2g4,Yh3h5] /\g4,h4-h5,()>>} Nh5 $6 (19... Ne5 $142 $5 20.
Nxe5 dxe5 21. Be3 e4 22. f4 $1 $14) 20. Bh2 f5 21. Nc3 Bf7 (21... f4 $2 22. Qd2
{[%csl Rf4] ><f4}) 22. Qd2 {[%csl Yd4,Yd5,Ye4,Ye5,Rd6] ()[+],><d6,} g6 $6 {׻}
(22... Nhf6 $142 23. g4 Ne5 (23... fxg4 24. hxg4 Ne5 25. Nxe5 dxe5 26. g5 Nh5
27. Ne4 $16) 24. Nxe5 dxe5 25. gxf5 c4 $5 $132 {+/=/+/-}) 23. g4 Nhf6 (23...
fxg4 24. hxg4 {[%cal Rh1h8] <->h} Nhf6 25. g5 Nh5 26. Bh3 $40) 24. gxf5 gxf5
25. Bd3 $16 {[%csl Rf5] ><f5} Nxd5 $8 26. Qg5+ Kh8 27. Nxd5 Bxd5 28. Qxf5 Bg8
29. Be4 $6 (29. Kh1 $1 {[%cal Ra1g1,Rg1g8] /\Rg1-g8} Ne5 (29... Qc6 30. Rg1 Bg7
31. Nxd6 Rf8 32. Be4 $1 $18) 30. Nxe5 dxe5 31. Be4 $16 {[%csl Rc5,Re5,Rh8] ק,
Kh8}) 29... Re6 30. Kh1 $2 (30. Ne3 $142 Nf6 31. Nd5 Qg7+ 32. Kh1 Nxe4 33. fxe4
Qxb2 34. Rg1 $13) 30... Rf6 31. Qh5 Rh6 32. Qxh6 $2 (32. Qe8 $8 Bxc4 33. Bf5
Bd5 34. Ra3 Rf6 35. Qxd7 Bxf3+ 36. Kg1 Qxd7 37. Bxd7 Be4 $17) 32... Bxh6 33.
Nxd6 Qd8 $19 34. Nf5 Bg5 35. Rd1 Bf6 36. Nh6 (36. Bxb7 Be6 37. Nd6 Qxa5 $19)
36... Qe8 37. Nxg8 Kxg8 38. Bxb7 Qe2 39. Rg1+ (39. Rxd7 $2 Qf1+ 40. Bg1 Qxh3+
41. Bh2 Qxd7) 39... Kf8 40. Bd6+ Be7 41. Bf4 Nf6 42. Bh6+ Ke8 43. Bc6+ (43. Bf4
Qb5 $19) 43... Kd8 44. Bf4 Qe6 {[%cal Re6c6,Re6h3] /\Qc6,Qh3} 0-1

[Event "Interzonal-16"]
[Site "Biel"]
[Date "1993.??.??"]
[Round "12"]
[White "Gulko, Boris F"]
[Black "Rogers, Ian"]
[Result "1-0"]
[WhiteElo "2635"]
[BlackElo "2595"]
[Annotator "Stohl,I"]
[PlyCount "79"]
[EventDate "1993.07.16"]
[EventType "swiss"]
[EventRounds "13"]
[EventCountry "SUI"]
[SourceTitle "CBM 037"]
[Source "ChessBase"]
[SourceDate "1993.12.01"]
[SourceVersion "1"]
[SourceVersionDate "1993.12.01"]
[SourceQuality "1"]

1. d4 Nf6 2. Nf3 c5 3. d5 b5 4. Bg5 Ne4 5. Bf4 Bb7 $5 (5... d6) 6. Qd3 Qa5+ 7.
Nbd2 Nf6 (7... f5 $6 8. c3 Nf6 9. Qxf5 Bxd5 (9... Nxd5 10. Bxb8 Rxb8 11. Qh5+
g6 12. Qe5 $18) 10. e4 e6 11. Qg5 Nxe4 12. Qh5+ g6 13. Qe5 Nxd2 14. Bxd2 Rg8
15. c4 $18) (7... Nxd2 $5 8. Bxd2 Qb6 9. e4 $14) 8. e4 c4 9. Qe3 g6 (9... e6 $5
10. Be2 Na6 (10... Be7 11. O-O exd5 12. Nd4 $1 $40) 11. Nd4 $13) 10. Be2 (10.
c3 $5 Bg7 11. a4 Na6 $1 (11... O-O 12. Qc5 $16) 12. Ra3 $16) 10... Bg7 11. Nd4
O-O $6 (11... Qb6 12. c3 $14) 12. a4 Bxd5 $1 13. O-O $1 (13. exd5 $6 Nxd5 14.
Qe4 Nxf4 15. Qxf4 e5 16. Qe4 exd4 17. Qxa8 d3 18. cxd3 Bxb2 $13) 13... Bxe4 $1
14. axb5 (14. Nxe4 $2 Nd5 $17) 14... Qb6 15. Nxc4 Qb7 16. Na5 Qb6 17. c4 $1 $16
(17. Be5 $6 Re8 $1 18. Bxf6 exf6 19. f3 Bh6 $1 $10) 17... Re8 18. Ndb3 d6 $6 (
18... e5 $5 19. Bg5 d5 20. c5 Qe6 21. Bxf6 $1 Bxf6 22. c6 $16) 19. Qd2 $1 Nbd7
20. Be3 Qc7 21. f3 Bf5 22. Nd4 Nc5 $6 (22... Ne5 $16) 23. b4 Ne6 24. Ndc6 $1 h5
25. Ra2 (25. Nxa7 Nd7 26. N7c6 Bxa1 27. Rxa1 $44) 25... Nd7 26. Rd1 $18 a6 27.
c5 axb5 28. Nxe7+ Kh7 29. Nxf5 gxf5 30. Bxb5 Nef8 31. Bf2 Re6 32. Bd3 Kg8 33.
Bxf5 Rf6 34. cxd6 Qb8 35. Be4 Ne5 36. Bxa8 Qxa8 37. Qd5 Qe8 38. Re1 Re6 39.
Rae2 Nfg6 40. d7 1-0